ดุลพาห ปีที่ 61 ฉบับที่ 1-2 (มกราคม-สิงหาคม 2557). (ระเบียนเลขที่ 107413)
| 000 -LEADER | |
|---|---|
| fixed length control field | 04048nas a22002897a 4500 |
| 003 - CONTROL NUMBER IDENTIFIER | |
| control field | NALT |
| 005 - DATE AND TIME OF LATEST TRANSACTION | |
| control field | 20251028152333.0 |
| 006 - FIXED-LENGTH DATA ELEMENTS--ADDITIONAL MATERIAL CHARACTERISTICS | |
| fixed length control field | a|||p|r|||| 00| 0 |
| 007 - PHYSICAL DESCRIPTION FIXED FIELD--GENERAL INFORMATION | |
| fixed length control field | ta |
| 008 - FIXED-LENGTH DATA ELEMENTS--GENERAL INFORMATION | |
| fixed length control field | 251028b th |||p| |||| 00| 0 tha d |
| 022 ## - INTERNATIONAL STANDARD SERIAL NUMBER | |
| International Standard Serial Number | 01250558 |
| 040 ## - CATALOGING SOURCE | |
| Original cataloging agency | NALT |
| 041 ## - LANGUAGE CODE | |
| Language code of text/sound track or separate title | tha |
| 245 00 - TITLE STATEMENT | |
| Title | ดุลพาห ปีที่ 61 ฉบับที่ 1-2 (มกราคม-สิงหาคม 2557). |
| 260 ## - PUBLICATION, DISTRIBUTION, ETC. | |
| Place of publication, distribution, etc. | อรุณการพิมพ์. |
| 310 ## - CURRENT PUBLICATION FREQUENCY | |
| Current publication frequency | รายสี่เดือน |
| 500 ## - GENERAL NOTE | |
| General note | วารสารเย็บเล่ม |
| 505 2# - FORMATTED CONTENTS NOTE | |
| Formatted contents note | ปีที่ 61 ฉบับที่ 1 ม.ค.-เม.ย. 2557 -- กฎหมายพาณิชย์ระหว่างประเทศ : ความเป็นจริง ความท้าทายและข้อเรียกร้องให้กฎหมายมีทิศทางเดียวกันอย่างมีความหมาย -- ปัญหาทางกฎหมายในการ<br/>คุ้มครองผู้บริโภคเกี่ยวกับการชำระค่าสินค้าล่วงหน้า -- การรับฟังข้อเท็จจริงตามคำพิพากษาคดีอื่นตามหลักกฎหมายปิดปากโดยประเด็นแห่งคดี (Issue Estoppel) -- หลักกฎหมายว่าด้วยการ<br/>แบ่งแยกอำนาจ : แนวคิดเกี่ยวกับอำนาจตุลาการในการตรวจสอบถ่วงดุลของสหรัฐอเมริกา. |
| 505 2# - FORMATTED CONTENTS NOTE | |
| Formatted contents note | ปีที่ 61 ฉบับที่ 2 พ.ค.-ส.ค. 2557 -- ผลกระทบของกฎหมายระหว่างประเทศแผนกคดีเมืองต่อโลกธุรกิจและความสำคัญต่อเอเชีย -- ระบบกฎหมายของประเทศสาธารณรัฐสิงคโปร์ --<br/>ปัญหาการคุ้มครองเครื่องหมายที่มีชื่อเสียงแพร่หลายทั่วไป : ศึกษากรณีระบบจดทะเบียนเครื่องหมายเชิงป้องกัน -- การปฏิรูปกฎหมายวิธีพิจารณาความแพ่งของ ลอร์ดวูฟ --<br/>การบริหารจัดการคดีอาชญากรรมข้ามชาติในกระบวนการยุติธรรมไทย -- โครงสร้างความผิดอาญาเยอรมัน : ตรรกะแห่งการวินิจฉัยความผิดอาญา -- การต่อสู้คดีของผู้หญิง<br/>ฆ่าสามี -- ปัญหาในทางปฏิบัติเมื่อจำเลยผิดเงื่อนไขคุมความประพฤติ -- ฎีกาวิเคราะห์ : กฎหมายทะเล -- สัมผัสคดีดังต่างประเทศ : หลักการใช้สิทธิในสิทธิบัตรจบสิ้น --<br/>อ่านอย่างไรและเขียนอย่างไรในการสอบผู้ช่วยผู้พิพากษา -- ภาษาอังกฤษกฎหมาย. |
| 650 #0 - SUBJECT ADDED ENTRY--TOPICAL TERM | |
| Topical term or geographic name entry element | อาชญากรรมข้ามชาติ |
| 9 (RLIN) | 9847 |
| 650 #0 - SUBJECT ADDED ENTRY--TOPICAL TERM | |
| Topical term or geographic name entry element | กฎหมายคุ้มครองผู้บริโภค |
| 9 (RLIN) | 55439 |
| 850 ## - HOLDING INSTITUTION | |
| Holding institution | NALT |
| 866 ## - TEXTUAL HOLDINGS--BASIC BIBLIOGRAPHIC UNIT | |
| Textual string | ปีที่ 61 ฉบับที่ 1-2 (มกราคม-สิงหาคม 2557). |
| 942 ## - ADDED ENTRY ELEMENTS (KOHA) | |
| Koha item type | Journal, Bound volume |
| 996 ## - STAFF PROCESSING RECORDS (NALT) | |
| Staff name | aroonthip.c |
| Staff type | LIBSTF |
| Acquisition or Cataloging date | 2025-10-28 |
| 998 ## - STAFF NAME (NALT) | |
| -- | 179 |
| -- | 179 |
| -- | นางสาวอรุณทิพย์ จันทร์ดิษฐ์ |
| Withdrawn status | Lost status | Source of classification or shelving scheme | Damaged status | Not for loan | Collection code | Home library | Current library | Shelving location | Date acquired | Source of acquisition | Total Checkouts | Barcode | Date last seen | Price effective from | Koha item type |
|---|---|---|---|---|---|---|---|---|---|---|---|---|---|---|---|
| Library of Congress Classification | Bound Journal collection | National Assembly Library of Thailand | National Assembly Library of Thailand | Journal & Magazine shelves | 26/11/2025 | บริจาค | 2900022681 | 26/11/2025 | 26/11/2025 | Journal, Bound volume |
